Quizzes
Events
Quiz Creation
Community
Videos
Private Events
Remove Ads
Sign In
Join for FREE
Feedback
Dark Mode
Quiz Categories
Sports
Geography
Music
Movies
Television
Just For Fun
Miscellaneous
History
Literature
Language
Science
Gaming
Entertainment
Religion
Holiday
For Kids
Quiz Lab
Recent
Popular Today
Quiz Kudos Today
Editor Picks
Curator Picks
Quizzes by...
Day
Popularity
Type
Ratings
Length
Year
Community
Subscriptions
Recent Discussions
Orange Saloon
Badges
Playlists
Quests
Create
Leaderboards
Showdown
Live 5
Trivia Bingo
Activity
Puzzle Library
Sporcle Events
Private Events
Virtual Trivia
Globe League
Become a Host
Pub Owners
SporcleCon
Opinionation
Our Games
Videos
Blog
Mobile Apps
Partnerships
Remove Ads and Go Orange
Feedback
Sports
Athletes
MLB
NBA
NHL
NFL
Soccer
Sports Teams
WWE
NCAA
Football
Premier League
Basketball
Baseball
Hockey
Golf
Tennis
Cricket
Rugby
Auto Racing
Olympics
World Cup
Sports
Athletes
MLB
NBA
NHL
NFL
Soccer
Sports Teams
WWE
NCAA
Football
Premier League
Basketball
Baseball
Hockey
Golf
Tennis
Cricket
Rugby
Auto Racing
Olympics
World Cup
Random Quiz
Search Sporcle
×
Quiz Lab
Quiz Lab
Sports
Baseball
Type in answers that appear in a list
Type in answers that appear in a list
Classic
Best Score? Go Orange.
Top 100 MLB Position Players in 2012 (fWAR) Stats
Can you name the top 100 (102) MLB position players in 2012 according to Fangraphs WAR?
By
Flock_Masta_P
15m
102 Questions
3,527 Plays
3,527 Plays
3,527 Plays
Comments
Comments
Give Quiz Kudos
Give Quiz Kudos
-
- Ratings
hide this ad
Replay
Link that replays current quiz
Next Quiz
Link to next quiz in quiz playlist
You Got
0%
They Got
Avg Score
58%
Avg Friend Score
Upgrade to see
Score Distribution
Jump to the score distribution portion of the page
Score
0/102
Timer
15:00
0
Plays Today
WAR
Player
% Correct
10.0
Mike Trout
97.7%
7.6
Ryan Braun
95.3%
6.8
Miguel Cabrera
94.8%
4.4
Melky Cabrera
94.2%
2.8
Asdrubal Cabrera
93.9%
7.7
Buster Posey
93.2%
7.4
David Wright
92.7%
7.7
Robinson Cano
92.2%
2.7
Chipper Jones
90.1%
4.3
Adam Jones
90.1%
6.8
Andrew McCutchen
89.1%
4.2
Josh Hamilton
88.2%
3.0
Derek Jeter
86.5%
4.8
Prince Fielder
85.5%
5.6
Joey Votto
85.1%
3.7
Albert Pujols
84.6%
3.3
Adrian Gonzalez
83.7%
6.3
Adrian Beltre
83.5%
2.9
Hanley Ramirez
81.9%
5.7
Aramis Ramirez
81.9%
4.7
Joe Mauer
80.2%
3.1
B.J. Upton
80.2%
6.4
Jason Heyward
78.2%
6.2
Yadier Molina
78.1%
4.1
Ryan Zimmerman
76.7%
4.8
Jimmy Rollins
76.4%
4.5
Bryce Harper
75.5%
4.7
Matt Holliday
75.2%
3.1
Chase Utley
75.2%
3.3
Carlos Beltran
74.9%
3.2
Matt Kemp
74%
7.2
Chase Headley
73.9%
5.7
Giancarlo Stanton
73.7%
3.0
Ian Kinsler
71%
WAR
Player
% Correct
4.4
Dustin Pedroia
70.9%
3.0
Jose Bautista
70.5%
3.7
Brandon Phillips
68%
5.5
Alex Gordon
66.6%
4.1
Edwin Encarnacion
66.5%
5.8
Ben Zobrist
66.5%
4.1
Jose Reyes
65.3%
2.7
Mark Teixeira
65.1%
5.2
Austin Jackson
63.5%
3.0
Andre Ethier
63%
2.9
Billy Butler
62.9%
3.4
Dan Uggla
62.7%
2.9
Shane Victorino
62.6%
2.6
Pablo Sandoval
62.6%
4.0
Elvis Andrus
62%
3.6
Alfonso Soriano
61.5%
5.2
Torii Hunter
60.1%
4.0
David Freese
59.6%
3.8
Nick Swisher
57.1%
2.9
David Ortiz
55.6%
4.5
Josh Reddick
55.4%
5.0
Ian Desmond
55.3%
3.4
Adam LaRoche
55.3%
6.2
Michael Bourn
54.6%
5.2
Carlos Ruiz
53.7%
3.1
Starlin Castro
53.5%
5.5
Aaron Hill
52.8%
3.9
Matt Wieters
52.5%
5.7
Martin Prado
51.5%
2.9
Paul Goldschmidt
51.2%
3.6
Josh Willingham
49.6%
2.9
Yoenis Cespedes
47.3%
2.8
Allen Craig
46.3%
3.7
Jon Jay
46.1%
WAR
Player
% Correct
4.2
Alex Rios
44.6%
4.6
Miguel Montero
44.5%
2.6
J.J. Hardy
44.5%
3.3
Carlos Santana
42.6%
3.1
Carlos Gomez
42.5%
3.9
David Murphy
40.5%
4.5
Angel Pagan
40.2%
3.0
Howie Kendrick
40%
2.6
Coco Crisp
39.6%
3.6
Denard Span
39.3%
3.3
A.J. Pierzynski
38.8%
2.9
Omar Infante
38.7%
3.4
Danny Espinosa
36.7%
3.1
Mike Moustakas
36.1%
2.7
Mark Ellis
35.9%
3.7
A.J. Ellis
35.8%
3.7
Erick Aybar
33.7%
3.6
Jonathan Lucroy
32.9%
3.1
Jason Kipnis
32.6%
2.6
Neil Walker
31.8%
2.6
Todd Frazier
31.6%
3.6
Kyle Seager
31.6%
2.6
Ryan Ludwick
28.9%
3.3
Desmond Jennings
28.7%
3.0
Ben Revere
28%
2.7
Michael Brantley
26.2%
2.6
Jed Lowrie
18.2%
2.7
Ryan Hanigan
16.4%
2.7
Alejandro De Aza
14.1%
2.8
Craig Gentry
11.8%
2.8
Jeff Keppinger
8.4%
2.6
Justin Ruggiano
8%
2.9
Alberto Callaspo
7.9%
2.6
John Jaso
5.7%
Quiz Playlist
Details
Report
Send in Message
Add To Playlist
Classic:
Type in answers that appear in a list
Quiz Source
Last Updated: Feb 16, 2017
Quiz Scoreboard
CHALLENGE
Sign Up to Join the Scoreboard
Show All
Scores
Hide
Comments
May contain spoilers
Recently Published
Billboard Blitz: Fleetwood Mac
by CooCooCachoo
Music
15s
Presidents Visiting Landmarks
by Hejman
History
7m
An Introduction to Baseball
by treessimontrees
Sports
5m
More to Explore
Quiz From the Vault
Featured Blog Post
Where Did the Easter Bunny Come From?
hide this ad
You Might Also Like...
Tags
Baseball Quiz
MLB Quiz
2012
Sabermetric Statistic
Today's Top Quizzes in Sports
Browse Sports
hide this ad
Today's Top Quizzes in Baseball
Browse Baseball
Top Contributed Quizzes in Sports
1
Les meilleurs buteurs des matchs entre le PSG et l’OM
2
2022 World Cup Stars
3
FIFA Club World Cup Champions
4
Les entraîneurs de l'OM et du PSG au 21e siècle
5
Criteria MLB: Left Handed Sluggers
6
Name the Premier League winners with different clubs
7
5-to-1: UK Sports Teams
8
AFC Teams Reveal (Wrong Answers Minefield)
9
Players with Multiple 50 Home Run Seasons
10
5-to-1: FBS Animal Nicknames
Explore More
Trending Topics
Kpop
Harry Potter
NBA
Crossword
Anime
Disney
Marvel
The Office
NFL
Puzzle
Song
WWE
Pokémon
Country
Soccer
hide this ad
More By:
Flock_Masta_P
Quiz
Plays
Rating
Category
Featured
Created
Top 100 MLB Position Players in 2011 (fWAR)
2,927
4.60
Sports
Nov 30, 2011
Top 100 MLB Position Players in 2012 (fWAR)
3,527
4.43
Sports
Oct 9, 2012
Top 100 MLB Position Players in 2011 (fWAR)
2,927
4.60
Sports
Nov 30, 2011
Top 100 MLB Position Players in 2014 (fWAR)
938
4.89
Sports
Oct 5, 2014
Top 100 MLB Position Players in 2015 (fWAR)
859
4.67
Sports
Nov 3, 2015
Top 100 MLB Position Players in 2013 (fWAR)
536
4.83
Sports
Oct 3, 2013
Go to Creator's Profile
Score Distribution
Quiz Creator Spotlight
Flock_Masta_P
Follow
Send a Message
Quizzes Created
-
Created Quiz Play Count
-
More By This Creator
Popular Quizzes Today
1
Find the US States - No Outlines Minefield
2
Find the Countries of Europe - No Outlines Minefield
3
The Countries of the World
4
Find the US States
5
US States
6
Risky Map Clicking: Biggest States A-Z
7
Popular People in 1961
8
Movies - When Are They Set?
More Sports Quizzes
Draw the Spurs Logo
Quiz Lab
Trending Quizzes
Risky Map Clicking: Least Populous States A-Z
1-10 Letter G Words
1-10 Letter F Words
Risky Map Clicking: Next State Alphabetically
Risky Map Clicking: Biggest States A-Z
Recently Updated
Leaping Animals
pecheneg
Reality TV Shows (A-Z)
bhenderson79
Rickey Henderson's Hall of Fame Teammates
pecheneg
Champions League XIs: Arsenal
pecheneg
Quick Pick: Celebrities in WWE's Hall of Fame
aduchscher
A-Z Keypad Blitz II
pecheneg
Multiple Oscar Actors
pecheneg
Mystery Phrase Blitz: Oscar 'Best Actors'
pecheneg
F. Scott Fitzgerald Novels
LTH
Pick 3 Villains
ddd62291
Trending Topics
Anime
Harry Potter
Marvel
Crossword
NBA
Disney
Kpop
WWE
Country
NFL
The Office
Soccer
Puzzle
Song
Pokémon
Your Account Isn't Verified!
In order to create a playlist on Sporcle, you need to verify the email address you used during registration. Go to your
Sporcle Settings
to finish the process.
Report this User
Report this user for behavior that violates our
Community Guidelines
.
Details:
Send Report
Go to the Sporcle.com Mobile Site →
Comments